Metodología de la educación de adultos II
שמור ב:
| מחבר ראשי: | |
|---|---|
| פורמט: | ספר |
| שפה: | ספרדית |
| יצא לאור: |
Santiago
CPEIP
1990
|
| סדרה: | Programa de Perfeccionamiento Docente a Distancia
|
| נושאים: | |
| תגים: |
הוספת תג
אין תגיות, היה/י הראשונ/ה לתייג את הרשומה!
|
MARC
| LEADER | 00000nam a2200000 a 4500 | ||
|---|---|---|---|
| 001 | UCY1014 | ||
| 003 | CL-VaPUC | ||
| 008 | 940819e19900000CL |||||||||||||||||spa|d | ||
| 082 | 0 | 4 | |a 374.13 |b LOZ |2 21 |
| 100 | |a Lozano Cádiz, Natalio |e autor |9 819103 | ||
| 245 | 1 | 0 | |a Metodología de la educación de adultos II |
| 300 | |a 139 p | ||
| 942 | |c BK | ||
| 945 | |d 19940819 00:00:00 |a rbrito | ||
| 260 | |a Santiago |b CPEIP |c 1990 | ||
| 650 | 0 | |a Educación de adultos |9 307580 | |
| 650 | 0 | |a Formación profesional de profesores |9 307493 | |
| 583 | |a last modification |c 19940819 00:00:00 |k Rodrigo Vera | ||
| 490 | 0 | |a Programa de Perfeccionamiento Docente a Distancia | |
| 999 | |c 229852 |d 229850 | ||
| 952 | |0 0 |1 0 |4 0 |6 374_130000000000000_LOZ_1990 |7 0 |8 P |9 231551 |a BIBEDU |b BIBEDU |c BIBEDU_PB |d 2019-11-15 |i 3001555 |o 374.13 LOZ 1990 |p 3001555 |r 2024-01-25 |w 2019-11-15 |y BK |k EDU | ||